000 00689nam a2200205 i 4500
001 bg
100 1 _aGOŁAŚ, Jerzy
245 0 _aObliczanie numeryczne powłok obrotowych metodą elementów skończonych /
_cJerzy Gołaś, Zygmunt Kasperski.
260 _aWarszawa :
_bPaństw. Wydawn. Nauk.,
_c1978.
300 _as. 96, nlb. 4 :
_brys., tab.
500 _aOpolskie Tow. Przyjaciół Nauk. Wydz. IV-Nauk Technicznych i Ścisłych.
500 _a[Streszcz. w jęz. ros. i ang.].
504 _a[Zawiera bibliogr. s. 94-96].
700 1 _aKASPERSKI, Zygmunt
040 _cBPK
041 _apol
080 _a624.07:519.6
942 _cKS
008 s pl f |000 0 pol
999 _c5892
_d5892
856 _uhttp://koha.tu.koszalin.pl/cgi-bin/koha/opac-detail.pl?biblionumber=5892
_yKatalog online BPK